=LDR 00000nam 2200000 4500 =001 NUTBA000000000001394 =005 20140423180638.0 =006 =007 =008 =035 ##$$a 0010-041400000000664 =082 ##$$a 741.3 =090 ##$$a 741.3 $b won j =100 ##$$a wimol wongwantanee $t josh tidak ingin tumbuh besar =245 ##$$a josh tidak ingin tumbuh besar =260 ##$$a Jakarta $b rajawali cilik $c 2008 =300 ##$$a 21 hlm $b illus $c 25 cm =850 ##$$a NBPBMAT =990 ##$$a 21195018/BPAP-NTB/2014